000 00597nam a22001937a 4500
008 230627b |||||||| |||| 00| 0 eng d
020 _a978-0992780968
040 _aNational Science Library
_cNational Science Library
080 _a92:32AGG
_bQ8,1
100 _aAggarwala, Adish C
_912331
245 _aNarendra Modi:
_bA charismatic & visionary statesman
250 _a2nd ed.
260 _aLondon:
_bU.K. Publishers & Distributors Ltd.,
_c2018
300 _axviii, 654p.
650 _aBiography
653 _aPolitics
700 _aMarchington, Sarah J (Ed.)
942 _2udc
_cREF
999 _c47523
_d47523